000
00291nam a2200109Ia 4500
008
230907s9999||||xx |||||||||||||| ||und||
082
_a
622.3381,LEE
100
_a
Lee, Kun Sang.
_9
114651
245
0
_a
Integrative understanding of shale gas reservoirs/
300
_a
xi, 123p.:
942
_c
BK
999
_c
597477
_d
597477